000 00350nam a2200145Ia 4500
008 200103s9999||||xx |||||||||||||| ||und||
040 _aIMU-MPC
082 _aColumn-30
100 _aKirkpatrick, Sidney D.
245 0 _aHeat Transmission
250 _a3rd Ed.
260 _bMcGraw-Hill Book Company, Inc.
_c1954
300 _axiv, 532
942 _cBK
999 _c7409
_d7409